<?xml version="1.0" encoding="UTF-8"?>
<record
    xmlns:xsi="http://www.w3.org/2001/XMLSchema-instance"
    xsi:schemaLocation="http://www.loc.gov/MARC21/slim http://www.loc.gov/standards/marcxml/schema/MARC21slim.xsd"
    xmlns="http://www.loc.gov/MARC21/slim">

  <leader>00983nam a22002537a 4500</leader>
  <controlfield tag="005">20250711102239.0</controlfield>
  <controlfield tag="008">250709b        |||||||| |||| 00| 0 eng d</controlfield>
  <datafield tag="040" ind1=" " ind2=" ">
    <subfield code="c">AL</subfield>
  </datafield>
  <datafield tag="041" ind1=" " ind2=" ">
    <subfield code="a">Konkani</subfield>
  </datafield>
  <datafield tag="082" ind1=" " ind2=" ">
    <subfield code="a">891.468</subfield>
    <subfield code="b">DIRR</subfield>
  </datafield>
  <datafield tag="100" ind1=" " ind2=" ">
    <subfield code="a">Waris Dirie</subfield>
    <subfield code="9">218139</subfield>
  </datafield>
  <datafield tag="100" ind1=" " ind2=" ">
    <subfield code="9">217974</subfield>
    <subfield code="d">&#xCB5;&#xCBE;&#xCB0;&#xCBF;&#xCB8;&#xCCD; &#xCA1;&#xCBF;&#xCB0;&#xCC0; </subfield>
  </datafield>
  <datafield tag="245" ind1=" " ind2=" ">
    <subfield code="a">Registhananthlem phul</subfield>
    <subfield code="b">:  &#xCB0;&#xCC7;&#xC97;&#xCBF;&#xCB8;&#xCCD;&#xCA5;&#xCBE;&#xCA8;&#xCBE;&#xC82;&#xCA4;&#xCCD;&#xCB2;&#xCC6;&#xC82;  &#xCAB;&#xCC1;&#xCB2;&#xCCD; </subfield>
  </datafield>
  <datafield tag="250" ind1=" " ind2=" ">
    <subfield code="a">2</subfield>
  </datafield>
  <datafield tag="260" ind1=" " ind2=" ">
    <subfield code="a">Puttur</subfield>
    <subfield code="b">White Oaks Publications</subfield>
    <subfield code="c">2025</subfield>
  </datafield>
  <datafield tag="300" ind1=" " ind2=" ">
    <subfield code="a">158p.</subfield>
    <subfield code="b">PB</subfield>
    <subfield code="c">21.5x14cm</subfield>
  </datafield>
  <datafield tag="365" ind1=" " ind2=" ">
    <subfield code="2">Konkani</subfield>
    <subfield code="a">001</subfield>
    <subfield code="b">&#x20B9;180.00</subfield>
    <subfield code="c">&#x20B9;</subfield>
    <subfield code="d">&#x20B9;200.00</subfield>
    <subfield code="e">10%</subfield>
    <subfield code="f">07-07-2025</subfield>
  </datafield>
  <datafield tag="650" ind1=" " ind2=" ">
    <subfield code="a">Autobiography</subfield>
    <subfield code="9">217971</subfield>
  </datafield>
  <datafield tag="650" ind1=" " ind2=" ">
    <subfield code="a">Desert Flower </subfield>
    <subfield code="9">217980</subfield>
  </datafield>
  <datafield tag="650" ind1=" " ind2=" ">
    <subfield code="a">&#xC9C;&#xC97;&#xCA4;&#xCCD; &#xCAA;&#xCCD;&#xCB0;&#xCB8;&#xCBF;&#xCA6;&#xCCD;&#xCA6;&#xCCD;  &#xCB0;&#xCC2;&#xCAA;&#xCCD;&#x200C;&#xCA6;&#xCB0;&#xCCD;&#xCB6;&#xCBF; &#xCB5;&#xCBE;&#xCB2;&#xCBF;&#xCB8;&#xCCD; &#xCA1;&#xCC0;&#xCB0;&#xCBF;&#xC9A;&#xCBF; &#xC86;&#xCA4;&#xCCD;&#xCAE; &#xC95;&#xCA5;&#xCBE;</subfield>
    <subfield code="9">218140</subfield>
  </datafield>
  <datafield tag="700" ind1=" " ind2=" ">
    <subfield code="a">Albuquerque, Flavia Tr</subfield>
    <subfield code="9">217972</subfield>
  </datafield>
  <datafield tag="700" ind1=" " ind2=" ">
    <subfield code="a">&#xC85;&#xCB2;&#xCCD;&#xCAC;&#xCC1;&#xC95;&#xCB0;&#xCCD;&#xC95;&#xCCD;, &#xCAA;&#xCCD;&#xCB2;&#xCBE;&#xCB5;&#xCBF;&#xCAF;&#xCBE; Tr</subfield>
    <subfield code="9">217976</subfield>
  </datafield>
  <datafield tag="942" ind1=" " ind2=" ">
    <subfield code="2">ddc</subfield>
    <subfield code="c">BK</subfield>
  </datafield>
  <datafield tag="999" ind1=" " ind2=" ">
    <subfield code="c">234602</subfield>
    <subfield code="d">234602</subfield>
  </datafield>
  <datafield tag="952" ind1=" " ind2=" ">
    <subfield code="0">0</subfield>
    <subfield code="1">0</subfield>
    <subfield code="2">ddc</subfield>
    <subfield code="4">0</subfield>
    <subfield code="7">0</subfield>
    <subfield code="8">KON</subfield>
    <subfield code="a">AL</subfield>
    <subfield code="b">AL</subfield>
    <subfield code="c">SK</subfield>
    <subfield code="d">2025-07-09</subfield>
    <subfield code="e">Ms Flavia Albuquerque, ARMC Road, Puttur</subfield>
    <subfield code="g">180.00</subfield>
    <subfield code="l">0</subfield>
    <subfield code="o">891.468 DIRR</subfield>
    <subfield code="p">077736</subfield>
    <subfield code="r">2025-07-09 16:33:59</subfield>
    <subfield code="v">200.00</subfield>
    <subfield code="w">2025-07-09</subfield>
    <subfield code="y">BK</subfield>
  </datafield>
  <datafield tag="952" ind1=" " ind2=" ">
    <subfield code="0">0</subfield>
    <subfield code="1">0</subfield>
    <subfield code="2">ddc</subfield>
    <subfield code="4">0</subfield>
    <subfield code="7">0</subfield>
    <subfield code="8">KON</subfield>
    <subfield code="a">AL</subfield>
    <subfield code="b">AL</subfield>
    <subfield code="c">SSS</subfield>
    <subfield code="d">2025-07-09</subfield>
    <subfield code="e">Ms Flavia Albuquerque, ARMC Road, Puttur</subfield>
    <subfield code="g">180.00</subfield>
    <subfield code="l">0</subfield>
    <subfield code="o">891.468 DIRR</subfield>
    <subfield code="p">077737</subfield>
    <subfield code="r">2025-07-09 16:38:56</subfield>
    <subfield code="v">200.00</subfield>
    <subfield code="w">2025-07-09</subfield>
    <subfield code="y">BK</subfield>
  </datafield>
</record>
